Statistics for Marvel Phase 1: Top 25 Characters

Click here to take the quiz!

General Stats

  • This quiz has been taken 60 times
  • The average score is 16 of 25

Answer Stats

Answer% Correct
Iron Man
98%
Pepper Potts
96%
Hulk
94%
Loki
93%
Nick Fury
93%
Thor
93%
War Machine
93%
Black Widow
89%
Hawkeye
89%
Captain America
87%
Bucky Barnes
80%
Phil Coulson
78%
Jane Foster
65%
Odin
63%
Iron Monger
52%
Peggy Carter
50%
Red Skull
50%
Abomination
48%
Whiplash
48%
Erik Selvig
41%
Sif
41%
Arnim Zola
35%
Darcy Lewis
26%
Justin Hammer
26%
Howard Stark
20%

Score Distribution

Percentile by Number Answered

Percent of People with Each Score

Your Score History

You have not taken this quiz